| 000 | 00433nam a22001577a 4500 | ||
|---|---|---|---|
| 005 | 20260414101912.0 | ||
| 008 | 260414b |||||||| |||| 00| 0 eng d | ||
| 020 | _a979965871058 | ||
| 082 |
_a155.2 _bJAM-K |
||
| 100 | _aJameel Muhammad | ||
| 245 | _aKidaar Sazi | ||
| 260 |
_aPakistan _bChaudhary Publichers, Fazal Abad Sharif, Darya Gali Murree _c2003 |
||
| 300 | _a127 p, | ||
| 650 | _aEducation and Humanities | ||
| 942 | _cBK | ||
| 999 |
_c47299 _d47299 |
||